Dynamic control of quality in production-inventory systems : coordination and optimization

Αποθηκεύτηκε σε:
Λεπτομέρειες βιβλιογραφικής εγγραφής
Κύριος συγγραφέας: Yao, David D. 1950-
Άλλοι συγγραφείς: Zheng, Shaohui
Μορφή: Βιβλίο
Γλώσσα:English
Δημοσίευση: New York : Springer, 2002
Σειρά:Springer series in operations research
Θέματα:
Ετικέτες: Προσθήκη ετικέτας
Δεν υπάρχουν, Καταχωρήστε ετικέτα πρώτοι!

MARC

LEADER 00000nam a2200000 i 4500
001 1/52183
008 070823s2002 eng d
020 |a 0-387-95491-0 
035 |l 10089932 
040 |a GR-MY-UA  |b gre  |e aacr 
041 0 |a eng 
082 0 |a 658.5  |2 (22) 
100 1 |a Yao, David D.  |d 1950- 
245 1 0 |a Dynamic control of quality in production-inventory systems :  |b coordination and optimization /  |c David D. Yao, Shaohui Zheng 
260 |a New York :   |b Springer,   |c 2002 
300 |a ix, 218 σ.;  |b εικ.;  |c 24 εκ. 
490 1 |a Springer series in operations research 
504 |a Περιέχει βιβλιογραφικές παραπομπές (σ.[207]-215) και ευρετήριο 
650 0 0 |a Production control. 
650 0 0 |a Inventory control. 
650 0 0 |a Quality control. 
700 1 |a Zheng, Shaohui. 
830 0 |a Springer series in operations research 
852 |a INST  |b SAMOS  |e 20070823  |h 658.5 YAO  |p 005300028459  |q 005300028459  |t BK  |y 0 
901 |a BIBL3-2007-2 
909 |a Σ  |b 136777 
922 |a 3ΕΛΗ  |b 200707  |c ΕΠΕΑΕΚ/ΤΜΗΜΑ ΜΑΘΗΜΑΤΙΚΩΝ  |d ΕΛΕΥΘΕΡΟΥΔΑΚΗΣ 
970 |a ΡΟΥΣΣΟΥ  |b ΚΩΝΣΤΑΝΤΙΝΑ  |z 2007/08/23